000 00751nam a22002537a 4500
999 _c1361
_d1361
003 AR-CdUCM
008 190226b ||||| |||| 00| 0 spa d
020 _a9788496639600
040 _aMUNICIPALIDAD PROVINCIAL DEL CUSCO
_cBIBLIOTECA MUNICIPAL DEL CUSCO
082 _a860.8 /
_bC13
100 _aCabo, Jordi
_95207
245 _aLa Danza Secreta del Alba /
_cCabo, Jordi
260 _bGrafiques del Valles.
300 _a67 paginas ;
_c25cm.
500 _aColección Calle del Grillo
505 _aI -- II -- III
650 _aPoemas
_9929
650 _aLiteratura
_983
650 _aLa danza secreta del alba
_95208
700 _aMolet, Olga
_95209
856 _fwww.mundosotobosque.com
942 _2ddc
_cLIBROS
945 _apjha
_d2019-02-26